| 000 | 00501nam a22001817a 4500 | ||
|---|---|---|---|
| 999 |
_c1607 _d1607 |
||
| 003 | AR-CdUCM | ||
| 008 | 190227b ||||| |||| 00| 0 spa d | ||
| 040 |
_aMUNICIPALIDAD PROVINCIAL DEL CUSCO _cBIBLIOTECA MUNICIPAL DEL CUSCO |
||
| 082 |
_a869.5 / _bSU91 |
||
| 100 |
_aSullca, Sergio _96020 |
||
| 245 | _aSoledad de cuerpo / | ||
| 260 |
_aCusco : _bPozo, |
||
| 300 |
_a45 páginas ; _c21 cm. |
||
| 650 |
_a Literatura peruana _96021 |
||
| 650 |
_aPoesía _9139 |
||
| 942 |
_2ddc _cLIBROS |
||
| 945 | _azta | ||